000 00784cam a2200229 4500
001 J103746
008 000000n2000 000 0 eng u
035 _a(Sirsi) u103746
050 _a333.3320973
110 _aAppraisal Standards Board
_93532
245 _aUniform Standards of Professional Appraisal Practice. 2000 edition.
260 _aWashington, D.C.
_bAppraisal Foundation
_c2000
300 _aii,192p. ; 28cm.
350 _a17.50
520 _aCover title: USPAP 2000. Includes glossary of American words and phrases used in the standards.
650 _aUSPAP
650 _aUNIFORM STANDARDS OF PROFESSIONAL APPRAISAL PRACTICE
650 _aUNITED STATES
650 _aVALUATION STANDARDS
690 _aPROPERTY-PROPERTY APPRAISAL AND VALUATION
942 _n0
999 _c100153
_d100153